00485nam a2200169Ia 4500003000400000008004100004040001600045082001800061100002100079245004400100700002300144260005800167300001000225650002600235650003300261650002100294GCL140319s9999 xx 000 0 eng d aGCL / cGCL04a809.8982bS C1 aSUTHERLAND, ZENA10aCHILDREN AND BOOKS / cSUTHERLAND, ZENA1 aARBUTHNOT, MAYHILL a[S.N] : bHARPER COLLINS COLLEGE PUBLISBERS ، c1994 a768\P04aCHILDREN - LITERATURE04aCHILDREN - BOOKS AND READING04aCHILDREN - BOOKS